000 00187nmm a2200085Ia 4500
008 150209s2015||||xx |||||||||||||||||und||
100 _aTORTORA
245 _aTHE MICROBIOLOGY
942 _2ddc
_cCD
999 _c5929
_d5929